00857cam a22003614i 4500003000900000005001700009008004100026035001900067035001900086040003300105082002100138100003200159245008500191264000500276336002100281337002500302338002300327526001000350526001000360526000900370526000900379526000900388526000900397526000900406526000900415526000900424526000800433526000800441526000800449526000800457526000800465651002200473PE-LiUPU20250731165544.0150625s r 000 0 d a(Sirsi) a33775 a(Sirsi) a33775 aPE-LiUPUbspacPE-LiUPUerda04a985.01bV1832211 aValcercel, Luis E.,eautor.10aHistoria del Perú :ba travéz de la fuente escrita.n3 /cLuis E. Valcarcel. 1a atext2rdacontent aunmediated2rdamedia avolume2rdacarrier aSEG44 aSEG26 aP151 aP150 aP149 aP146 aP145 aP126 aP125 aP92 aP75 aP74 aP27 aP15 aPerúxHistoria.